<?xml version="1.0" encoding="UTF-8"?>
<record
    xmlns:xsi="http://www.w3.org/2001/XMLSchema-instance"
    xsi:schemaLocation="http://www.loc.gov/MARC21/slim http://www.loc.gov/standards/marcxml/schema/MARC21slim.xsd"
    xmlns="http://www.loc.gov/MARC21/slim">

  <leader>00847nam a22002537a 4500</leader>
  <controlfield tag="001"> 44140 </controlfield>
  <controlfield tag="003">UA-OsUOA</controlfield>
  <controlfield tag="005">20201216202112.0</controlfield>
  <controlfield tag="007">ta</controlfield>
  <controlfield tag="008">20070207b un ||||| |||| 00| 0 ukr d</controlfield>
  <datafield tag="020" ind1=" " ind2=" ">
    <subfield code="a">966-518-362-1</subfield>
  </datafield>
  <datafield tag="040" ind1=" " ind2=" ">
    <subfield code="a">UA-OsUOA</subfield>
    <subfield code="b">ukr</subfield>
    <subfield code="c">UA-OsUOA</subfield>
    <subfield code="d">UA-OsUOA</subfield>
  </datafield>
  <datafield tag="041" ind1=" " ind2=" ">
    <subfield code="a">ukr</subfield>
    <subfield code="h">&#x41C;&#x43E;&#x432;&#x430; &#x43E;&#x440;&#x438;&#x433;&#x456;&#x43D;&#x430;&#x43B;&#x443;</subfield>
  </datafield>
  <datafield tag="080" ind1=" " ind2=" ">
    <subfield code="a">321</subfield>
  </datafield>
  <datafield tag="090" ind1=" " ind2=" ">
    <subfield code="a">321</subfield>
    <subfield code="b">&#x41F; 18</subfield>
  </datafield>
  <datafield tag="100" ind1=" " ind2=" ">
    <subfield code="a">&#x41F;&#x430;&#x440;&#x441;&#x43E;&#x43D;&#x441; &#x412;.</subfield>
  </datafield>
  <datafield tag="245" ind1=" " ind2=" ">
    <subfield code="a">&#x41F;&#x443;&#x431;&#x43B;&#x456;&#x447;&#x43D;&#x430; &#x43F;&#x43E;&#x43B;&#x456;&#x442;&#x438;&#x43A;&#x430;: &#x432;&#x441;&#x442;&#x443;&#x43F; &#x434;&#x43E; &#x442;&#x435;&#x43E;&#x440;&#x456;&#x457; &#x456; &#x43F;&#x440;&#x430;&#x43A;&#x442;&#x438;&#x43A;&#x438; &#x430;&#x43D;&#x430;&#x43B;&#x456;&#x437;&#x443; &#x43F;&#x43E;&#x43B;&#x456;&#x442;&#x438;&#x43A;&#x438;</subfield>
  </datafield>
  <datafield tag="260" ind1=" " ind2=" ">
    <subfield code="a">&#x41A;.</subfield>
    <subfield code="b">&#x41A;&#x41C;&#x410;</subfield>
    <subfield code="c">2006</subfield>
  </datafield>
  <datafield tag="300" ind1=" " ind2=" ">
    <subfield code="a">549 &#x441;.</subfield>
  </datafield>
  <datafield tag="650" ind1=" " ind2="7">
    <subfield code="a">321 &#x424;&#x43E;&#x440;&#x43C;&#x438; &#x43F;&#x43E;&#x43B;&#x456;&#x442;&#x438;&#x447;&#x43D;&#x438;&#x445; &#x43E;&#x440;&#x433;&#x430;&#x43D;&#x456;&#x437;&#x430;&#x446;&#x456;&#x439;. &#x414;&#x435;&#x440;&#x436;&#x430;&#x432;&#x438; &#x44F;&#x43A; &#x43F;&#x43E;&#x43B;&#x456;&#x442;&#x438;&#x447;&#x43D;&#x456; &#x432;&#x43B;&#x430;&#x434;&#x438;</subfield>
    <subfield code="2">UDC</subfield>
  </datafield>
  <datafield tag="942" ind1=" " ind2=" ">
    <subfield code="c">BK</subfield>
    <subfield code="2">udc</subfield>
  </datafield>
  <datafield tag="955" ind1=" " ind2=" ">
    <subfield code="a">2</subfield>
  </datafield>
  <datafield tag="999" ind1=" " ind2=" ">
    <subfield code="c">330265</subfield>
    <subfield code="d">330265</subfield>
  </datafield>
  <datafield tag="952" ind1=" " ind2=" ">
    <subfield code="0">0</subfield>
    <subfield code="1">0</subfield>
    <subfield code="2">udc</subfield>
    <subfield code="4">0</subfield>
    <subfield code="7">0</subfield>
    <subfield code="a">102</subfield>
    <subfield code="b">102</subfield>
    <subfield code="d">2006-12-18</subfield>
    <subfield code="e">152/2006</subfield>
    <subfield code="g">48.60</subfield>
    <subfield code="i">102008</subfield>
    <subfield code="l">0</subfield>
    <subfield code="o">321 &#x41F;18</subfield>
    <subfield code="p">102008</subfield>
    <subfield code="r">2022-02-07 00:00:00</subfield>
    <subfield code="w">2006-12-18</subfield>
    <subfield code="y">BK</subfield>
  </datafield>
  <datafield tag="952" ind1=" " ind2=" ">
    <subfield code="0">0</subfield>
    <subfield code="1">0</subfield>
    <subfield code="2">udc</subfield>
    <subfield code="4">0</subfield>
    <subfield code="7">0</subfield>
    <subfield code="a">102</subfield>
    <subfield code="b">102</subfield>
    <subfield code="d">2007-02-07</subfield>
    <subfield code="e">16/2007</subfield>
    <subfield code="g">48.60</subfield>
    <subfield code="i">102806</subfield>
    <subfield code="l">0</subfield>
    <subfield code="o">321 &#x41F; 18</subfield>
    <subfield code="p">102806</subfield>
    <subfield code="r">2022-02-07 00:00:00</subfield>
    <subfield code="w">2007-02-07</subfield>
    <subfield code="y">BK</subfield>
  </datafield>
  <datafield tag="952" ind1=" " ind2=" ">
    <subfield code="0">0</subfield>
    <subfield code="1">0</subfield>
    <subfield code="2">udc</subfield>
    <subfield code="4">0</subfield>
    <subfield code="7">0</subfield>
    <subfield code="a">102</subfield>
    <subfield code="b">102</subfield>
    <subfield code="d">2007-02-07</subfield>
    <subfield code="e">16/2007</subfield>
    <subfield code="g">48.60</subfield>
    <subfield code="i">102807</subfield>
    <subfield code="l">0</subfield>
    <subfield code="o">321 &#x41F; 18</subfield>
    <subfield code="p">102807</subfield>
    <subfield code="r">2022-02-05 00:00:00</subfield>
    <subfield code="w">2007-02-07</subfield>
    <subfield code="y">BK</subfield>
  </datafield>
  <datafield tag="952" ind1=" " ind2=" ">
    <subfield code="0">0</subfield>
    <subfield code="1">0</subfield>
    <subfield code="2">udc</subfield>
    <subfield code="4">0</subfield>
    <subfield code="7">0</subfield>
    <subfield code="a">102</subfield>
    <subfield code="b">102</subfield>
    <subfield code="d">2007-02-07</subfield>
    <subfield code="e">16/2007</subfield>
    <subfield code="g">48.60</subfield>
    <subfield code="i">102808</subfield>
    <subfield code="l">0</subfield>
    <subfield code="o">321 &#x41F; 18</subfield>
    <subfield code="p">102808</subfield>
    <subfield code="r">2022-02-07 00:00:00</subfield>
    <subfield code="w">2007-02-07</subfield>
    <subfield code="y">BK</subfield>
  </datafield>
  <datafield tag="952" ind1=" " ind2=" ">
    <subfield code="0">0</subfield>
    <subfield code="1">0</subfield>
    <subfield code="2">udc</subfield>
    <subfield code="4">0</subfield>
    <subfield code="7">0</subfield>
    <subfield code="a">102</subfield>
    <subfield code="b">102</subfield>
    <subfield code="d">2007-02-07</subfield>
    <subfield code="e">16/2007</subfield>
    <subfield code="g">48.60</subfield>
    <subfield code="i">102809</subfield>
    <subfield code="l">0</subfield>
    <subfield code="o">321 &#x41F; 18</subfield>
    <subfield code="p">102809</subfield>
    <subfield code="r">2022-02-05 00:00:00</subfield>
    <subfield code="w">2007-02-07</subfield>
    <subfield code="y">BK</subfield>
  </datafield>
  <datafield tag="952" ind1=" " ind2=" ">
    <subfield code="0">0</subfield>
    <subfield code="1">0</subfield>
    <subfield code="2">udc</subfield>
    <subfield code="4">0</subfield>
    <subfield code="7">0</subfield>
    <subfield code="a">102</subfield>
    <subfield code="b">102</subfield>
    <subfield code="d">2007-02-07</subfield>
    <subfield code="e">16/2007</subfield>
    <subfield code="g">48.60</subfield>
    <subfield code="i">102810</subfield>
    <subfield code="l">0</subfield>
    <subfield code="o">321 &#x41F; 18</subfield>
    <subfield code="p">102810</subfield>
    <subfield code="r">2022-02-07 00:00:00</subfield>
    <subfield code="w">2007-02-07</subfield>
    <subfield code="y">BK</subfield>
  </datafield>
  <datafield tag="952" ind1=" " ind2=" ">
    <subfield code="0">0</subfield>
    <subfield code="1">0</subfield>
    <subfield code="2">udc</subfield>
    <subfield code="4">0</subfield>
    <subfield code="7">0</subfield>
    <subfield code="a">102</subfield>
    <subfield code="b">102</subfield>
    <subfield code="d">2007-02-07</subfield>
    <subfield code="e">16/2007</subfield>
    <subfield code="g">48.60</subfield>
    <subfield code="i">102811</subfield>
    <subfield code="l">0</subfield>
    <subfield code="o">321 &#x41F; 18</subfield>
    <subfield code="p">102811</subfield>
    <subfield code="r">2022-02-05 00:00:00</subfield>
    <subfield code="w">2007-02-07</subfield>
    <subfield code="y">BK</subfield>
  </datafield>
  <datafield tag="952" ind1=" " ind2=" ">
    <subfield code="0">0</subfield>
    <subfield code="1">0</subfield>
    <subfield code="2">udc</subfield>
    <subfield code="4">0</subfield>
    <subfield code="7">0</subfield>
    <subfield code="a">102</subfield>
    <subfield code="b">102</subfield>
    <subfield code="d">2007-02-07</subfield>
    <subfield code="e">16/2007</subfield>
    <subfield code="g">48.60</subfield>
    <subfield code="i">102812</subfield>
    <subfield code="l">0</subfield>
    <subfield code="o">321 &#x41F; 18</subfield>
    <subfield code="p">102812</subfield>
    <subfield code="r">2022-02-07 00:00:00</subfield>
    <subfield code="w">2007-02-07</subfield>
    <subfield code="y">BK</subfield>
  </datafield>
  <datafield tag="952" ind1=" " ind2=" ">
    <subfield code="0">0</subfield>
    <subfield code="1">0</subfield>
    <subfield code="2">udc</subfield>
    <subfield code="4">0</subfield>
    <subfield code="7">0</subfield>
    <subfield code="a">102</subfield>
    <subfield code="b">102</subfield>
    <subfield code="d">2008-08-04</subfield>
    <subfield code="e">90/2008</subfield>
    <subfield code="g">50.40</subfield>
    <subfield code="i">114035</subfield>
    <subfield code="l">0</subfield>
    <subfield code="o">321 &#x41F;18</subfield>
    <subfield code="p">114035</subfield>
    <subfield code="r">2022-02-05 00:00:00</subfield>
    <subfield code="w">2008-08-04</subfield>
    <subfield code="y">BK</subfield>
  </datafield>
  <datafield tag="952" ind1=" " ind2=" ">
    <subfield code="0">0</subfield>
    <subfield code="1">0</subfield>
    <subfield code="2">udc</subfield>
    <subfield code="4">0</subfield>
    <subfield code="7">0</subfield>
    <subfield code="a">102</subfield>
    <subfield code="b">102</subfield>
    <subfield code="d">2008-08-04</subfield>
    <subfield code="e">90/2008</subfield>
    <subfield code="g">50.40</subfield>
    <subfield code="i">114036</subfield>
    <subfield code="l">0</subfield>
    <subfield code="o">321 &#x41F;18</subfield>
    <subfield code="p">114036</subfield>
    <subfield code="r">2022-02-05 00:00:00</subfield>
    <subfield code="w">2008-08-04</subfield>
    <subfield code="y">BK</subfield>
  </datafield>
</record>
